Catálogo
 En Linea

Espasmos en la noche / (Registro nro. 16386)

Detalles MARC
000 -CABECERA
campo de control de longitud fija 01611nam a2200253 a 4500
001 - NÚMERO DE CONTROL
campo de control 000016854
005 - FECHA Y HORA DE LA ÚLTIMA TRANSACCIÓN
campo de control 20240412074245.0
008 - DATOS DE LONGITUD FIJA--INFORMACIÓN GENERAL
campo de control de longitud fija 100311s2010 dr 001 0 spa d
020 ## - NÚMERO INTERNACIONAL ESTÁNDAR DEL LIBRO
ISBN cancelado o inválido 9789945002683
040 ## - FUENTE DE LA CATALOGACIÓN
Centro catalogador/agencia de origen DO-SdBNP
Lengua de catalogación spa
Centro/agencia transcriptor BNPHU
082 ## - NÚMERO DE LA CLASIFICACIÓN DECIMAL DEWEY
Número de clasificación RD861.44
Número de documento/Ítem M878e, 2010
100 1# - ENTRADA PRINCIPAL--NOMBRE DE PERSONA
Nombre de persona Morrison, Mateo,
Fechas asociadas al nombre 1947-
9 (RLIN) 1469
245 10 - MENCIÓN DE TÍTULO
Título Espasmos en la noche /
Mención de responsabilidad, etc. Mateo Morrison.
250 ## - MENCIÓN DE EDICIÓN
Mención de edición 2a ed. Corregida
260 ## - PUBLICACIÓN, DISTRIBUCIÓN, ETC.
Lugar de publicación, distribución, etc. Santo Domingo :
Nombre del editor, distribuidor, etc. Editora Universitaria UASD,
Fecha de publicación, distribución, etc. 2010.
300 ## - DESCRIPCIÓN FÍSICA
Extensión 47 p. ;
Dimensiones 22 cm.
505 1# - NOTA DE CONTENIDO CON FORMATO
Nota de contenido con formato Mateo Morrison. La poesía como experiencia vivida palabras de Enrique Eusebio en la presentación de la primera edición del libro Espasmos en la noche -- Espasmos en la noche 1 -- La cámara me observa -- Los ejercicios -- Decálogo reflexivo -- Ecología -- Inmadurez -- elementos para un dibujo -- Dormitando en la avenida -- Reunión de máscaras -- Búsqueda -- Retornar a tu vientre -- Preocupaciones por los huesos -- Egbert -- Nada más -- Los sobrevivientes -- De amores derruidos -- Primer sueño -- Los dos mares -- La música en tu cuerpo -- Los ángeles de Mieses -- Almuerzo de estrellas -- En la esquina del viento -- Otro homenaje -- Colores de la muerte -- Un imán en la sombra -- La mujer que se viste -- Cuando nací -- Este aposento -- Los sonido que alientan -- La timidez me impidió ver tus senos cuando nacián.
586 ## - NOTA DE PREMIOS
Nota de premios Premio Nacional de Literatura 2010
590 ## - NOTA LOCAL (RLIN)
Nota local Inventariado, 2018/LP
650 #0 - PUNTO DE ACCESO ADICIONAL DE MATERIA--TÉRMINO DE MATERIA
Término de materia o nombre geográfico como elemento de entrada Poesía dominicana
9 (RLIN) 66
650 #0 - PUNTO DE ACCESO ADICIONAL DE MATERIA--TÉRMINO DE MATERIA
Término de materia o nombre geográfico como elemento de entrada Literatura dominicana.
9 (RLIN) 67
700 1# - PUNTO DE ACCESO ADICIONAL--NOMBRE DE PERSONA
Nombre de persona Sim, Eric
9 (RLIN) 37317
910 ## - DATOS DE OPCIÓN DEL USUARIO (OCLC)
Datos de opción del usuario Validado. Control de calidad. MMOLINA
Existencias
Estado de retiro Estado de pérdida Restricciones de uso No para préstamo Código de colección Localización permanente Ubicación/localización actual Ubicación en estantería Fecha de adquisición Número de inventario Total de préstamos Signatura topográfica completa Código de barras Fecha visto por última vez Número de copia Precio válido a partir de Tipo de ítem Koha Nota pública
    Préstamo interno   Dominicana de Servicio General General Depósito 11.03.2010 LF1   RD861.44 M878e, 2010 16854-30 25.06.2020 e. 3 25.06.2020 Libro y Folleto Colección Dominicana de Servicio  
        Dominicana de Servicio General General Depósito 27.01.2015 LF1   RD861.44 M878e, 2010 16854-40 25.06.2020 e. 4 25.06.2020 Libro y Folleto Colección Dominicana de Servicio  
        Dominicana de Servicio General General Depósito 15.04.2015 LF1   RD861.44 M878e, 2010 16854-50 25.06.2020 e. 5 25.06.2020 Libro y Folleto Colección Dominicana de Servicio  
      Excluido de préstamo Patrimonio Dominicano Patrimonio Dominicano Patrimonio Dominicano Depósito 11.03.2010 LF1   RD861.44 M878e, 2010 16854-10 25.06.2020   25.06.2020 Libro y Folleto Colección Patrimonio Dominicano  
      Excluido de préstamo Patrimonio Dominicano Patrimonio Dominicano Patrimonio Dominicano Depósito 11.03.2010 LF1   RD861.44 M878e, 2010 16854-20 25.06.2020 e. 2 25.06.2020 Libro y Folleto Colección Patrimonio Dominicano Perteneció a la biblioteca personal de Erick Landestoy. Dedicado

Con tecnología Koha